Rekordy świata w lekkoatletyce kobiet - Statystyki

Ogólne statystyki
  • Ten quiz został rozwiązany 28 razy
  • Średni wynik to 7 z 24
Statystyki odpowiedzi
Konkurencja Imię i nazwisko % Poprawnych
Rzut młotem - 82,98 Anita Włodarczyk
88%
Sztafeta 4x100 m - 40,82 USA
67%
Sztafeta 4x400 m - 3:15,17 ZSRR
58%
Bieg na 400 m - 47,60 Marita Koch
54%
Trójskok - 15,74 Yulimar Rojas
54%
Bieg na 100 m - 10,49 Florence Griffith-Joyner
50%
Bieg na 200 m - 21,34 Florence Griffith-Joyner
50%
Skok o tyczce - 5,06 Jelena Isinbajewa
46%
Skok wzwyż - 2,09 Stefka Kostadinowa
42%
Bieg na 800 m - 1:53,28 Jarmila Kratochvilova
33%
Bieg na 400 m przez płotki - 50,68 Sydney McLaughlin
33%
Bieg na 100 m przez płotki - 12,12 Tobi Amusan
33%
Rzut oszczepem - 72,28 Barbora Spotakova
25%
Siedmiobój - 7291 pkt. Jackie Joyner-Kersee
21%
Bieg na 3000 m z przeszkodami - 8:44,32 Beatrice Chepkoech
13%
Bieg na 10000 m - 29:01,03 Letesenbet Gidey
13%
Pchnięcie kulą - 22,63 Natalja Lisowska
13%
Maraton - 2:14:04 Brigid Kosgei
8%
Bieg na 1500 m - 3:49,11 Faith Kipyegon
8%
Bieg na 5000 m - 14:05,20 Faith Kipyegon
8%
Skok w dal - 7,52 Galina Czistiakowa
8%
Bieg na 60 m - 6,92 Irina Priwalowa
8%
Rzut dyskiem - 76,80 Gabriele Reinsch
4%
Chód na 20 km - 1:23:49 Yang Jiayu
0%
Nie znaleziono quizów pasujących do podanych kryteriów
Rozkład punktacji
Procent ludzi z każdym wynikiem
Percentyl według liczby udzielonych odpowiedzi
Twoja historia wyników
Nie rozwiązałeś tego quizu